A 8D Problémamegoldó módszer hatékonyságának vizsgálata a Robert Bosch Elektronikai Kft.-nél

Bibliographic Details
Main Author: Mátrai Péter Zsolt
Other Authors: Miskolczi Tibor
Kittlinger Zoltán
Format: Thesis
Kulcsszavak:Minőségmenedzsment
Robert Bosch Elektronika Kft.
Hibakezelés
Online Access:http://dolgozattar.uni-bge.hu/21010

MARC

LEADER 00000nta a2200000 i 4500
001 dolg21010
005 20200506123037.0
008 190510suuuu hu om 000 hun d
040 |a BGE Dolgozattár Repozitórium  |b hun 
041 |a hu 
100 1 |a Mátrai Péter Zsolt 
245 1 2 |a A 8D Problémamegoldó módszer hatékonyságának vizsgálata a Robert Bosch Elektronikai Kft.-nél  |c Mátrai Péter Zsolt  |h [elektronikus dokumentum] 
246 1 1 |a A 8D Problémamegoldó módszer hatékonyságának vizsgálata a Robert Bosch Elektronikai Kft.-nél 
695 |a Minőségmenedzsment 
695 |a Robert Bosch Elektronika Kft. 
695 |a Hibakezelés 
700 1 |a Miskolczi Tibor  |e ths 
700 1 |a Kittlinger Zoltán  |e ths 
856 4 0 |u http://dolgozattar.uni-bge.hu/21010/1/M%C3%A1trai_P%C3%A9ter_Szakdolgozat.pdf  |z Dokumentum-elérés 
856 4 0 |u http://dolgozattar.uni-bge.hu/21010/7/Szakdolgozat%20bizalmas%20min%C5%91s%C3%ADt%C3%A1s.pdf  |z Dokumentum-elérés